000
00393nam a22001697a 4500
003
MPLRDC
005
20220104145503.0
008
210129b ||||| |||| 00| 0 eng d
082
_a
857.7 XMY v.875
100
_a
湛清著
245
_a
叫我董事长
_c
260
_a
_b
星河出版社
_c
300
_b
平
490
_a
寻梦园系列:875
650
_a
942
_c
BK
_o
857.7 XMY v.875
999
_c
51342
_d
51332